000 00678nas a2200241 4500
001 BR8305017
003 BR-BrBNA
005 20231205085703.0
007 ta
008 230509b bl.|||p| |||| 00| 00por d
040 _aBR-BrBNA
_bpor
_cBiblioteca Nacional de Agricultura
041 _a(Pt)
072 _aL30
100 1 _aValvasori, E.
245 1 _aRestos de cultura na alimentacao bovina leiteira
650 _aNUTRICAO ANIMAL
650 _aGADO LEITEIRO
650 _aPALHADA
650 _aRESIDUO
773 0 _tBalde Branco (Brazil)
_xISSN 0005-4275
_g(Mar 1983), v. 18(221) p. 7-9
_wBR8305017
909 _a202311
_bLúcia
_c55
_dLúcia Elande
942 _2AGRIS
_n0
_cANA
999 _c113079
_d113079